Advances in machine tool design and research 1969 (Record no. 32691)

000 -LEADER
fixed length control field 00617nam a22001937a 4500
001 - CONTROL NUMBER
control field 32691
003 - CONTROL NUMBER IDENTIFIER
control field BD-DhUET
008 - FIXED-LENGTH DATA ELEMENTS--GENERAL INFORMATION
fixed length control field 150902b xxu||||| |||| 00| 0 eng d
040 ## - CATALOGING SOURCE
Original cataloging agency DLC
Transcribing agency DLC
Modifying agency BD-DhUET
082 ## - DEWEY DECIMAL CLASSIFICATION NUMBER
Classification number 621.9
Item number INT/1969
111 ## - MAIN ENTRY--MEETING NAME
Meeting name or jurisdiction name as entry element International M. T. D. R. conference on machine tool design and research
Location of meeting University of Manchester
Date of meeting 9/1/1969
Number of part/section/meeting 10th
245 ## - TITLE STATEMENT
Title Advances in machine tool design and research 1969
260 ## - PUBLICATION, DISTRIBUTION, ETC. (IMPRINT)
Place of publication, distribution, etc. Oxford
Name of publisher, distributor, etc. Pergamon press
Date of publication, distribution, etc. 1969
300 ## - PHYSICAL DESCRIPTION
Extent viii,735p.
Other physical details ill.
504 ## - BIBLIOGRAPHY, ETC. NOTE
Bibliography, etc Includes bibliographies
650 #0 - SUBJECT ADDED ENTRY--TOPICAL TERM
Topical term or geographic name as entry element Machine tool design
700 ## - ADDED ENTRY--PERSONAL NAME
Personal name Tobias, S. A.
942 ## - ADDED ENTRY ELEMENTS (KOHA)
Koha item type Proceedings
Holdings
Date acquired Copy number Damaged status Not for loan Location (home branch) Koha full call number Price effective from Shelving location Sublocation or collection (holding branch) Lost status Withdrawn status Koha normalized classification for sorting Piece designation (barcode) Source of classification or shelving scheme Koha date last seen Koha item type
2015-09-021  Central Library, BUET621.9/INT/19692015-09-02Circulation sectionCentral Library, BUET  621_900000000000000_INT_196951412 2015-09-02Proceedings